000 00425nam a2200205Ia 4500
001 11994
003 GE_BSU
008 181216s||||||||xx |||||||||||||| ||und||
020 _a1405001100
040 _cGE_BSU
080 _a821.111-312.4
100 _aWalters,Minette
245 _aFox Evil
260 _aLondon
260 _bMacmillan.
260 _c2002.
300 _a415p;24cm.
653 _aFox Evil
942 _cBK
999 _c45171
_d45171